MARC

LEADER 00000nam0a2200000 4500
001 155226
005 20231031152241.0
035 |a (RuTPU)RU\TPU\book\168395 
035 |a RU\TPU\book\133756 
090 |a 155226 
100 |a 20090312d1967 c y0rusy50 ca 
101 0 |a rus 
102 |a RU 
105 |a a z 000ay 
200 1 |a Вчера, сегодня, завтра...  |e избранные стихи 1935-1965  |f С. В. Михалков 
210 |a Москва  |c Художественная литература  |d 1967 
215 |a 326 с.  |c ил. 
610 1 |a советская литература 
610 1 |a стихи 
610 1 |a поэзия 
610 1 |a басни 
610 1 |a сатира 
610 1 |a детская литература 
675 |a Р2  |v 3 
700 1 |a Михалков  |b С. В.  |g Сергей Владимирович 
801 1 |a RU  |b 63413507  |c 20071019  |g PSBO 
801 2 |a RU  |b 63413507  |c 20101220  |g PSBO 
942 |c BK